000 00277nam a2200109Ia 4500
001 1277415
005 20260417160506.0
008 260417s9999 xx 000 0 und d
020 _a9772149467965
245 0 _aMasal Krallığı Biruni
_cDidem Demirel
260 _bKetebe Çocuk
999 _c1277415
_d1277415